| 000 | 00391nam a2200145Ia 4500 | ||
|---|---|---|---|
| 008 | 220216s9999 xx 000 0 und d | ||
| 100 | _aArshad F M | ||
| 245 | 0 | _aMarketing of Sabahs agricultural primary commodities: Issues and challenges | |
| 260 |
_bBorneo Review _c1992 |
||
| 300 | _a96-123 | ||
| 500 | _aSource Year: 1993 | ||
| 700 | _aSahasudin M N | ||
| 856 | _uWAERA | ||
| 942 | _cJS | ||
| 999 |
_c62609 _d62609 |
||